000 00922nam a22001937a 4500
003 NALT
005 20260114135722.0
008 s2556 th ||||| |||| 00| 0 tha d
020 _a9786163356239
040 _aNALT
050 _aDS 586
_bภ671พ 2556
245 0 0 _aพระบาทสมเด็จพระเจ้าอยู่หัวกับคณะองคมนตรี.
260 _aกรุงเทพฯ :
_bอมรินทร์พริ้นติ้งแอนด์พับลิชชิ่ง,
_c2556.
300 _a479 หน้า :
_bภาพประกอบ ;
_c21 ซม.
600 0 4 _aภูมิพลอดุลยเดช,
_cพระบาทสมเด็จพระเจ้าอยู่หัว,
_d2470-2559
_xพระราชกรณียกิจ
_943748
650 4 _aองคมนตรี
_946894
_zไทย
850 _aNALT
942 _cGB
_2lcc
999 _c69513
_d69513
998 _j104
_k นางสาวสายฝน ดีงาม